000 00574nam a2200229Ia 4500
003 OSt
005 20221006164858.0
006 a|||||r|||| 00| 0
007 ta
008 221006b |||||||| |||| 00| 0 eng d
024 _a1,002
037 _cTextual
040 _aFML
_cFML
_beng
041 _2eng
_aeng
082 _aNR44OM5, K6
100 _aICCR Au.
_9678556
245 0 _aMusic
_b East and West
260 _aNew Delhi
_bI C C R
_c1966
300 _a281
_ccm.
942 _hNR44OM5, K6
_cTEXL
_2CC
999 _c1118786
_d1118786